<?xml version="1.0" encoding="UTF-8"?>
<record
    xmlns:xsi="http://www.w3.org/2001/XMLSchema-instance"
    xsi:schemaLocation="http://www.loc.gov/MARC21/slim http://www.loc.gov/standards/marcxml/schema/MARC21slim.xsd"
    xmlns="http://www.loc.gov/MARC21/slim">

  <leader>02097nam a22003017a 4500</leader>
  <controlfield tag="003">NALT</controlfield>
  <controlfield tag="005">20260128132747.0</controlfield>
  <controlfield tag="008">260122b        th ||||| |||| 00| 0 tha d</controlfield>
  <datafield tag="020" ind1=" " ind2=" ">
    <subfield code="a">9786168215777</subfield>
  </datafield>
  <datafield tag="040" ind1=" " ind2=" ">
    <subfield code="a">NALT</subfield>
  </datafield>
  <datafield tag="041" ind1="1" ind2=" ">
    <subfield code="a">tha</subfield>
    <subfield code="h">eng</subfield>
  </datafield>
  <datafield tag="050" ind1=" " ind2=" ">
    <subfield code="a">JC 423</subfield>
    <subfield code="b">&#xE15;289&#xE21; 2568</subfield>
  </datafield>
  <datafield tag="100" ind1="1" ind2=" ">
    <subfield code="a">&#xE15;&#xE2D;&#xE23;&#xE4C;&#xE40;&#xE23;, &#xE01;&#xE32;&#xE23;&#xE4C;&#xE42;&#xE25;&#xE2A; &#xE40;&#xE14; &#xE25;&#xE32;.</subfield>
    <subfield code="9">67301</subfield>
  </datafield>
  <datafield tag="245" ind1="1" ind2="0">
    <subfield code="a">&#xE40;&#xE21;&#xE37;&#xE48;&#xE2D;&#xE1B;&#xE23;&#xE30;&#xE0A;&#xE32;&#xE19;&#xE34;&#xE22;&#xE21;&#xE04;&#xE23;&#xE2D;&#xE07;&#xE42;&#xE25;&#xE01; =</subfield>
    <subfield code="b">Global populisms / </subfield>
    <subfield code="c">&#xE01;&#xE32;&#xE23;&#xE4C;&#xE42;&#xE25;&#xE2A; &#xE40;&#xE14; &#xE25;&#xE32; &#xE15;&#xE2D;&#xE23;&#xE4C;&#xE40;&#xE23; &#xE41;&#xE25;&#xE30;&#xE15;&#xE23;&#xE35;&#xE40;&#xE17;&#xE1E; &#xE28;&#xE23;&#xE35;&#xE2A;&#xE07;&#xE48;&#xE32; &#xE40;&#xE02;&#xE35;&#xE22;&#xE19; ; &#xE13;&#xE23;&#xE07;&#xE40;&#xE14;&#xE0A; &#xE1E;&#xE31;&#xE19;&#xE18;&#xE30;&#xE1E;&#xE38;&#xE21;&#xE21;&#xE35; &#xE41;&#xE1B;&#xE25;.</subfield>
  </datafield>
  <datafield tag="246" ind1="3" ind2="1">
    <subfield code="a">Global populisms</subfield>
  </datafield>
  <datafield tag="250" ind1=" " ind2=" ">
    <subfield code="a">&#xE1E;&#xE34;&#xE21;&#xE1E;&#xE4C;&#xE04;&#xE23;&#xE31;&#xE49;&#xE07;&#xE41;&#xE23;&#xE01;.</subfield>
  </datafield>
  <datafield tag="260" ind1=" " ind2=" ">
    <subfield code="a">&#xE01;&#xE23;&#xE38;&#xE07;&#xE40;&#xE17;&#xE1E;&#xE2F; :</subfield>
    <subfield code="b">&#xE2D;&#xE34;&#xE25;&#xE25;&#xE39;&#xE21;&#xE34;&#xE40;&#xE19;&#xE0A;&#xE31;&#xE19;&#xE2A;&#xE4C; &#xE40;&#xE2D;&#xE14;&#xE34;&#xE0A;&#xE31;&#xE19;&#xE2A;&#xE4C;, </subfield>
    <subfield code="c">2568.</subfield>
  </datafield>
  <datafield tag="300" ind1=" " ind2=" ">
    <subfield code="a">421 &#xE2B;&#xE19;&#xE49;&#xE32; :</subfield>
    <subfield code="b">&#xE20;&#xE32;&#xE1E;&#xE1B;&#xE23;&#xE30;&#xE01;&#xE2D;&#xE1A;, &#xE15;&#xE32;&#xE23;&#xE32;&#xE07; ;</subfield>
    <subfield code="c">24 &#xE0B;&#xE21;.</subfield>
  </datafield>
  <datafield tag="505" ind1="2" ind2=" ">
    <subfield code="a">1. &#xE43;&#xE04;&#xE23;&#xE01;&#xE25;&#xE31;&#xE27;&#xE1B;&#xE23;&#xE30;&#xE0A;&#xE32;&#xE19;&#xE34;&#xE22;&#xE21; -- 2. &#xE1B;&#xE23;&#xE30;&#xE0A;&#xE32;&#xE19;&#xE34;&#xE22;&#xE21;&#xE43;&#xE19;&#xE04;&#xE27;&#xE32;&#xE21;&#xE2B;&#xE21;&#xE32;&#xE22;&#xE02;&#xE2D;&#xE07;&#xE40;&#xE23;&#xE32;&#xE04;&#xE37;&#xE2D;&#xE2D;&#xE30;&#xE44;&#xE23; -- 3. &#xE25;&#xE32;&#xE15;&#xE34;&#xE19;&#xE2D;&#xE40;&#xE21;&#xE23;&#xE34;&#xE01;&#xE32; -- 4. &#xE2A;&#xE2B;&#xE23;&#xE31;&#xE10;&#xE2D;&#xE40;&#xE21;&#xE23;&#xE34;&#xE01;&#xE32; -- 5. &#xE22;&#xE38;&#xE42;&#xE23;&#xE1B; -- 6. &#xE40;&#xE2D;&#xE40;&#xE0A;&#xE35;&#xE22;&#xE15;&#xE30;&#xE27;&#xE31;&#xE19;&#xE2D;&#xE2D;&#xE01;&#xE40;&#xE09;&#xE35;&#xE22;&#xE07;&#xE43;&#xE15;&#xE49; -- 7. &#xE1F;&#xE32;&#xE2A;&#xE0B;&#xE34;&#xE2A;&#xE15;&#xE4C;&#xE01;&#xE31;&#xE1A;&#xE1B;&#xE23;&#xE30;&#xE0A;&#xE32;&#xE19;&#xE34;&#xE22;&#xE21; -- 8. &#xE1B;&#xE23;&#xE30;&#xE0A;&#xE32;&#xE19;&#xE34;&#xE22;&#xE21;&#xE01;&#xE31;&#xE1A;&#xE01;&#xE32;&#xE23;&#xE17;&#xE33;&#xE43;&#xE2B;&#xE49;&#xE40;&#xE1B;&#xE47;&#xE19;&#xE1B;&#xE23;&#xE30;&#xE0A;&#xE32;&#xE18;&#xE34;&#xE1B;&#xE44;&#xE15;&#xE22; -- 9. &#xE1B;&#xE23;&#xE30;&#xE0A;&#xE32;&#xE19;&#xE34;&#xE22;&#xE21;&#xE43;&#xE19;&#xE0A;&#xE32;&#xE15;&#xE34;&#xE41;&#xE25;&#xE30;&#xE02;&#xE49;&#xE32;&#xE21;&#xE0A;&#xE32;&#xE15;&#xE34; -- 10. &#xE1B;&#xE23;&#xE30;&#xE0A;&#xE32;&#xE19;&#xE34;&#xE22;&#xE21;&#xE01;&#xE31;&#xE1A;&#xE28;&#xE32;&#xE2A;&#xE19;&#xE32; -- 11. &#xE1B;&#xE23;&#xE30;&#xE0A;&#xE32;&#xE19;&#xE34;&#xE22;&#xE21;&#xE01;&#xE31;&#xE1A;&#xE2A;&#xE37;&#xE48;&#xE2D; -- 12. &#xE1A;&#xE17;&#xE2A;&#xE23;&#xE38;&#xE1B;.</subfield>
  </datafield>
  <datafield tag="650" ind1=" " ind2="4">
    <subfield code="a">&#xE1B;&#xE23;&#xE30;&#xE0A;&#xE32;&#xE19;&#xE34;&#xE22;&#xE21;</subfield>
    <subfield code="9">28180</subfield>
  </datafield>
  <datafield tag="700" ind1="1" ind2=" ">
    <subfield code="a">Torre, Carlos de la</subfield>
    <subfield code="9">67347</subfield>
  </datafield>
  <datafield tag="700" ind1="0" ind2=" ">
    <subfield code="a">&#xE15;&#xE23;&#xE35;&#xE40;&#xE17;&#xE1E; &#xE28;&#xE23;&#xE35;&#xE2A;&#xE07;&#xE48;&#xE32;</subfield>
    <subfield code="9">67346</subfield>
  </datafield>
  <datafield tag="700" ind1="0" ind2=" ">
    <subfield code="a">&#xE13;&#xE23;&#xE07;&#xE40;&#xE14;&#xE0A; &#xE1E;&#xE31;&#xE19;&#xE18;&#xE30;&#xE1E;&#xE38;&#xE21;&#xE21;&#xE35;</subfield>
    <subfield code="9">67348</subfield>
  </datafield>
  <datafield tag="942" ind1=" " ind2=" ">
    <subfield code="c">GB</subfield>
    <subfield code="2">lcc</subfield>
  </datafield>
  <datafield tag="996" ind1=" " ind2=" ">
    <subfield code="a">jidapa.t</subfield>
    <subfield code="b">ACQSTF</subfield>
    <subfield code="c">2026-01-22</subfield>
  </datafield>
  <datafield tag="996" ind1=" " ind2=" ">
    <subfield code="a">varee.k</subfield>
    <subfield code="b">LIBSTF</subfield>
    <subfield code="c">2026-01-23</subfield>
  </datafield>
  <datafield tag="996" ind1=" " ind2=" ">
    <subfield code="a">saiphon.d</subfield>
    <subfield code="b">CATSTF	</subfield>
    <subfield code="c">2026-01-28</subfield>
  </datafield>
  <datafield tag="999" ind1=" " ind2=" ">
    <subfield code="c">107698</subfield>
    <subfield code="d">107698</subfield>
  </datafield>
  <datafield tag="998" ind1=" " ind2=" ">
    <subfield code="j">104</subfield>
    <subfield code="k"> &#xE19;&#xE32;&#xE07;&#xE2A;&#xE32;&#xE27;&#xE2A;&#xE32;&#xE22;&#xE1D;&#xE19;  &#xE14;&#xE35;&#xE07;&#xE32;&#xE21;</subfield>
  </datafield>
  <datafield tag="952" ind1=" " ind2=" ">
    <subfield code="0">0</subfield>
    <subfield code="1">0</subfield>
    <subfield code="2">lcc</subfield>
    <subfield code="4">0</subfield>
    <subfield code="7">0</subfield>
    <subfield code="8">CGBL</subfield>
    <subfield code="a">NALT</subfield>
    <subfield code="b">NALT</subfield>
    <subfield code="c">GEN</subfield>
    <subfield code="d">2026-01-22</subfield>
    <subfield code="e">54</subfield>
    <subfield code="l">0</subfield>
    <subfield code="o">JC 423 &#xE15;289&#xE21; 2568</subfield>
    <subfield code="p">3961216077</subfield>
    <subfield code="r">2026-01-22 00:00:00</subfield>
    <subfield code="w">2026-01-22</subfield>
    <subfield code="y">GB</subfield>
  </datafield>
</record>
